000
00218nam a2200121Ia 4500
100
_a
SPENDER/STAPHEN
942
_c
BK
245
_a
CHINA DIARY
260
_b
#N/A
300
_a
200
546
_a
ENGLISH
999
_c
24474
_d
24474